Statistiques concernant Matériaux de Zelda Tears of the Kingdom

Cliquez ici pour prendre le quiz!

Statistiques générales

  • Ce quiz a été pris 110 fois
    (106 depuis la dernière actualisation)
  • Le résultat moyen est 44 sur 278

Statistiques - réponses

Réponse% Correct
Pomme
71%
Corne de Bokoblin
51%
Pomme d'or
51%
Graine lumos
44%
Corne de Moblin
39%
Baie
34%
Champi d'Hyrule
34%
Champi glagla
34%
Herbes d'Hyrule
34%
Corne de Lézalfos
32%
Ambre brut
31%
Champi tempo
31%
Corne de Bokoblin bleu
31%
Corne de Bokoblin noir
31%
Fruit de feu
31%
Princesse de la sérénité
31%
Truffe max
31%
Rubis brut
29%
Silex
29%
Champi enduro
27%
Champi lame
27%
Champi piment
27%
Champi volt
27%
Corne de Lézalfos bleu
27%
Corne de Lézalfos noir
27%
Fagot de bois
27%
Graine lumos géante
27%
Grappe de tomates d'Hyrule
27%
Melon glagla
27%
Piment
27%
Carotte vigueur
25%
Champi armo
25%
Corne de Moblin bleu
25%
Corne de Moblin noir
25%
Diamant brut
25%
Fleur bombe
25%
Fleur silencio
25%
Œil de Chauve-souris
25%
Saphir brut
25%
Venaison
25%
Corne de Bokoblin d'argent
24%
Fruit d'oiseau
24%
Grenouille tempo
24%
Viscère de Bokoblin
24%
Carotte tempo
22%
Champi céleste
22%
Champi lumos
22%
Champi silencio
22%
Citrouille armo
22%
Corne de Lézalfos d'argent
22%
Fleur armo
22%
Fruit d'eau
22%
Gland
22%
Grosse truffe max
22%
Noix de coco
22%
Papillon glagla
22%
Perche d'Hyrule
22%
Radis max
22%
Topaze brute
22%
Venaison divine
22%
Viscère de Moblin
22%
Viscère d'Hinox
22%
Champi vigueur
20%
Corne de Moblin d'argent
20%
Corne d'Hinox
20%
Croc de Bokoblin
20%
Fée
20%
Fleur de confusion
20%
Fruit de foudre
20%
Gelée chuchu
20%
Gros radis max
20%
Herbes piment
20%
Lézard ignifus
20%
Libellule glagla
20%
Libellule piment
20%
Ongle d'Hinox
20%
Opale brute
20%
Queue de Lézalfos
20%
Saumon max
20%
Sonium
20%
Truite glagla
20%
Bananes lame
19%
Corne d'Hinox bleu
19%
Corne d'Hinox noir
19%
Cristal de sel
19%
Fleur radieuse
19%
Fruit de gel
19%
Herbes glagla
19%
Papillon piment
19%
Papillon volt
19%
Sabot de Lynel
19%
Truite piment
19%
Venaison fine
19%
Viscère de Lynel
19%
Aile de Griock
17%
Boisseau de riz
17%
Carpe armo
17%
Croc de Moblin
17%
Daurade armo
17%
Dent d'Hinox
17%
Écaille de Nedrac
17%
Fleur lame
17%
Fruit de clarté
17%
Gemme nox
17%
Grenouille vigueur
17%
Griffe de Nedrac
17%
Griffe de Rordrac
17%
Griffe d'Ordrac
17%
Libellule volt
17%
Orbe d'énergie soneau
17%
Perche max
17%
Planeur
17%
Queue de Lézalfos bleu
17%
Queue de Lézalfos noir
17%
Aile de feu
15%
Aile de Gibdo
15%
Aile de glace
15%
Aile électrique
15%
Baudruche octo
15%
Boisseau de blé
15%
Carpe tricolore
15%
Corne de Golem sergent
15%
Corne de Nedrac
15%
Corne de Rordrac
15%
Corne d'Ordrac
15%
Corne du dragon blanc
15%
Côtes de Gibdo
15%
Crabe Armo
15%
Crabe lame
15%
Daurade lame
15%
Fragment d'étoile
15%
Fromage d'Elimith
15%
Fruit volt
15%
Gelée chuchu blanche
15%
Gelée chuchu jaune
15%
Gelée chuchu rouge
15%
Gousse enduro
15%
Herbes volt
15%
Lézard max
15%
Lézard tempo
15%
Motte de beurre
15%
Œil de Kakuda
15%
Œil octo
15%
Papillon ignifus
15%
Queue de Lézalfos de feu
15%
Queue de Lézalfos de glace
15%
Roue
15%
Truite silencio
15%
Truite volt
15%
Canne à sucre
14%
Carpe lame
14%
Champi fumigène
14%
Corne de Golem commandant
14%
Corne de Lézalfos de feu
14%
Corne de Lézalfos de glace
14%
Écaille de Rordrac
14%
Écaille d'Ordrac
14%
Feuille korogu
14%
Grenouille adhésio
14%
Griffe de Lézalfos
14%
Œil de feu
14%
Œil électrique
14%
Sauterelle enduro
14%
Sonium supérieur
14%
Turbine
14%
Violettes tempo
14%
Aile de Kakuda
12%
Aile griffue
12%
Amas de ténèbres
12%
Bouteille de lait frais
12%
Corne briseuse de Lynel
12%
Corne de Golem lieutenant
12%
Corne de Golem soldat
12%
Corne de Lézalfos électrique
12%
Corne de Stalhinox
12%
Crabe enduro
12%
Dracoroche de Nedrac
12%
Extrait de monstre
12%
Griffe du dragon blanc
12%
Lance-flamme
12%
Lance-glace
12%
Luciole de la sérénité
12%
Œil de glace
12%
Perche enduro
12%
Queue de Lézalfos d'argent
12%
Scarabée enduro
12%
Viande de volaille
12%
Viscère de Moldarquor
12%
Aileron de Moldarquor
10%
Arowana ancien
10%
Corne affilée de Lynel
10%
Corne affilée de Lynel blanc
10%
Corne affilée de Lynel bleu
10%
Corne affilée de Lynel d'argent
10%
Corne briseuse de Lynel blanc
10%
Corne briseuse de Lynel bleu
10%
Corne briseuse de Lynel d'argent
10%
Corne de Chef boko
10%
Corne de Golem capitaine
10%
Corne de Golem caporal
10%
Corne de Griock éléctrique
10%
Dracoroche de Rordrac
10%
Dracoroche d'Ordrac
10%
Écaille du dragon blanc
10%
Escargot silencio
10%
Œuf de volatile
10%
Pomme de pin d'Hyrule
10%
Queue de Lézalfos électrique
10%
Rayon de miel enduro
10%
Scarabée armo
10%
Scarabée lame
10%
Troglodus lumos
10%
Viscère de Gibdo
10%
Viscère de Griock
10%
Volaille divine
10%
Corne de Chef boko bleu
8%
Corne de Chef boko d'argent
8%
Corne de Chef boko noir
8%
Corne de Golem major
8%
Corne de Griock des flammes
8%
Corne de Griock des glaces
8%
Dent de Gigatracien
8%
Dracoroche du dragon blanc
8%
Éclat de croc de Nedrac
8%
Éclat de croc de Rordrac
8%
Éclat de croc d'Ordrac
8%
Éclat de croc du dragon blanc
8%
Fruit de lotus tempo
8%
Gouvernail
8%
Lézard adhésio
8%
Luciole de l'ombre
8%
Ressort
8%
Roulette
8%
Tentacule octo
8%
Viande de volaille fine
8%
Bombe à retardement
7%
Bouteille d'huile
7%
Canon
7%
Citrouille radieuse
7%
Corne de Trogloblin
7%
Dent de Gigatracien opalin
7%
Flacon d'épices gorons
7%
Grand orbe d'énergie soneau
7%
Lame ancestrale
7%
Lance-foudre
7%
Mâchoire de Moldarquor
7%
Marmite de voyage
7%
Miroir
7%
Viscère de Chef boko
7%
Viscère de Gigatracien
7%
Corne de Golem colonel
5%
Corne de Trogloblin bleu
5%
Corne de Trogloblin d'argent
5%
Corne de Trogloblin noir
5%
Croc de Chef boko
5%
Dent de Gigatracien anthracite
5%
Glisseur
5%
Lance-laser
5%
Montgolfière
5%
Pieu
5%
Plateforme lévitante
5%
Projecteur
5%
Ramponeau
5%
Viscère de Trogloblin
5%
Batterie haute capacité
3%
Convoyeur
3%
Déverseur
3%
Gastrolithe de Cryolike
3%
Gastrolithe d'Électrolike
3%
Gastrolithe de Like like
3%
Gastrolithe de Pyrolike
3%
Griffe de Trogloblin
3%
Ongle de Gigatracien
3%
Propulseur
3%
Tête de Golem
3%
Batterie de rechange
2%
Convoyeur autoguidé
2%
Écaille royale
2%

Distribution des résultats

Percentile par nombre de réponses

% des personnes avec chaque résultat

Votre développement - résultats

Vous n’avez pas pris ce quiz depuis la dernière actualisation